000 00795nam a2200205 a 4500
003 0
005 20250605131144.0
008 021125s19uu xx 00 eng d
050 _aPGS RA 645.N87
_b.So686 2000
100 _aSolidum, Charry Mae.
245 _aThe effects of eating breakfast of academic performance of grade 5 students of Southville International School /
_cCharry Mae Solidum.
260 _aLas PiƱas City, Philippines :
_bSouthville International School and Colleges,
_c2000.
300 _a26 pages :
_billustrations ;
_c28 cm.
504 _aIncludes bibliographical references.
650 _aBreakfast
_vHealth aspects.
650 _aSchool children
_vNutrition.
650 _aNutrition and academic performance.
650 _aAcademic achievement.
942 _2lcc
_cPASS
999 _c96369
_d96369